study in public Finance (Record no. 11165)
[ view plain ]
| 000 -LEADER | |
|---|---|
| fixed length control field | 00348cam a2200157ua 4500 |
| 041 ## - LANGUAGE CODE | |
| Language code of text/sound track or separate title | eng |
| 082 ## - DEWEY DECIMAL CLASSIFICATION NUMBER | |
| Classification number | 336 |
| Item number | PIG/ST |
| 245 ## - TITLE STATEMENT | |
| Title | study in public Finance |
| 260 ## - PUBLICATION, DISTRIBUTION, ETC. (IMPRINT) | |
| Place of publication | Newyork : |
| Name of publisher | Macmillian & coltd , |
| Year of publication | 1962. |
| 300 ## - PHYSICAL DESCRIPTION | |
| Number of Pages | 285 ; . |
| 942 ## - ADDED ENTRY ELEMENTS (KOHA) | |
| Koha item type | Books |
| Withdrawn status | Lost status | Damaged status | Home library | Current library | Date acquired | Full call number | Accession Number | Koha item type |
|---|---|---|---|---|---|---|---|---|
| Withdrawn | KAUAET | Sanskrit University | 07/04/2012 | 336 | 5182 | Books |
